000 00827nam a22002297a 4500
005 20250904115216.0
006 a|||||r|||||||||||
008 t2023 paua b 001 0 eng||
020 _a9780323760232
040 _aGR-AtMCL
_beng
100 _aNetter, Frank H.
_d1906-1991
_q(Frank Henry),
_910089
245 1 0 _aNetter atlas of human anatomy :
_bclassic regional approach /
_cFrank H. Netter, MD.
246 3 0 _aAtlas of human anatomy
250 _a8 ed.
264 1 _aPhiladelphia, PA :
_bElsevier,
_c2023
300 _a556 p. :
_bill. ;
_c29 cm
504 _aIncludes bibliographical references and index.
505 0 _a1. Introduction. 2. Head and Neck. 3. Back. 4. Thorax. 5. Abdomen. 6. Pelvis. 7. Upper Limb. 8. Lower Limb
650 0 _aHuman anatomy
_910088
650 0 _aHealth & Sport
_910066
942 _cBK
999 _c9924
_d9924